Gaming Quiz

Random Gaming or Video Games Quiz
Score 0/53 Timer 10:00
0 Plays Today
Game of Origin Power-up % Correct
Super Mario Bros.Fire Flower
82.5%
Super Mario Bros.Star
76.7%
Super Mario Bros.Super Mushroom
52.3%
Mario & Luigi: Partners in TimeIce Flower
42.9%
Super Mario Bros. 3Tanooki Suit
42.2%
Super Mario Bros. 3Frog Suit
40.4%
New Super Mario Bros.Mega Mushroom
33.7%
Super Mario 64Metal Cap
29.9%
Super Mario 64Wing Cap
29.6%
New Super Mario Bros. WiiPenguin Suit
28.5%
Super Mario Bros. 3Hammer Suit
28.5%
New Super Mario Bros.Mini Mushroom
28.2%
Super Mario Bros. 3Super Leaf
27.9%
Super Mario 64 DSFeather
27.7%
Super Mario GalaxyBee Mushroom
23.4%
Super Mario Bros. 3P-Wing
20.3%
Super Mario GalaxyBoo Mushroom
20.2%
Super Mario WorldCape Feather
19.4%
Super Mario GalaxySpring Mushroom
18.9%
New Super Mario Bros. WiiPropeller Mushroom
18.7%
Super Mario Land 2: 6 Golden CoinsCarrot
16.9%
Super Mario Galaxy 2Cloud Flower
16.7%
Super Mario Galaxy 2Rock Mushroom
16.7%
Super Mario 64Vanish Cap
16%
New Super Mario Bros. 2Gold Flower
15.5%
Super Mario 3D WorldSuper Bell
15.5%
Super Mario 3D LandBoomerang Flower
14.8%
Game of Origin Power-up % Correct
Super Mario 3D WorldDouble Cherry
13.4%
Super Mario 64 DSPower Flower
12.7%
Super Mario WorldP-Balloon
12.7%
New Super Mario Bros. USuper Acorn
12.4%
Super Mario 64 DSMario's Cap
12.4%
Super Mario GalaxyRed Star
12.3%
Super Mario 64 DSLuigi's Cap
12.1%
Super Mario 64 DSWario's Cap
12%
Super Mario GalaxyRainbow Star
11.1%
Super Mario LandSuper Flower
10.3%
Super Mario Bros. 3Kuribo's Shoe
10.2%
New Super Mario Bros. UP-Acorn
9.2%
Super Mario 3D WorldLucky Bell
8.1%
New Super Mario Bros.Blue Koopa Shell
7.9%
Mario & Luigi: Partners in TimeCopy Flower
7%
Super Mario Galaxy 2Dash Pepper
6.8%
Super Mario Galaxy 2Blimp Fruit
6.3%
Super Paper MarioMega Star
6%
Mario & Luigi: Partners in TimeMix Flower
6%
Super Mario Galaxy 2Bulb Berry
5.8%
Super Mario 3D LandStatue Leaf
5.8%
Super Paper MarioSlow Flower
5.3%
Super Mario 3D LandInvincibility Leaf
5.2%
Super Paper MarioSpeed Flower
5%
Super Paper MarioPal Pill
4.2%
New Super Mario Bros. UBoost Star
3.7%
Remove Ads.
Support Sporcle.
Get the best of Sporcle when you Go Orange. This ad-free experience offers more features, more stats, and more fun while also helping to support Sporcle. Thank you for becoming a member.

You're not logged in!

Compare scores with friends on all Sporcle quizzes.
OR
Log In

Show Comments

Extras

Top Quizzes Today


Score Distribution

Your Account Isn't Verified!

In order to create a playlist on Sporcle, you need to verify the email address you used during registration. Go to your Sporcle Settings to finish the process.

Report this User

Report this user for behavior that violates our Community Guidelines.

Details: